MDQL
is popping MORE tags! Check the
thread
!
Quizzes
Events
Quiz Creation
Community
Videos
Private Events
Remove Ads
Sign In
Join for FREE
Feedback
Dark Mode
Quiz Categories
Sports
Geography
Music
Movies
Television
Just For Fun
Miscellaneous
History
Literature
Language
Science
Gaming
Entertainment
Religion
Holiday
For Kids
Quiz Lab
Recent
Popular Today
Quiz Kudos Today
Editor Picks
Curator Picks
Quizzes by...
Day
Popularity
Type
Ratings
Length
Year
Community
Subscriptions
Recent Discussions
Orange Saloon
Badges
Playlists
Quests
Create
Leaderboards
Showdown
Live 5
Trivia Bingo
Activity
Puzzle Library
Sporcle Events
Private Events
Virtual Trivia
Globe League
Become a Host
Pub Owners
SporcleCon
Opinionation
Our Games
Videos
Blog
Mobile Apps
Partnerships
Remove Ads and Go Orange
Feedback
Literature
Harry Potter
A Song of Ice and Fire
The Hunger Games
Literary Character
Shakespeare
Book
Author
Novel
Poem
Young Adult
Children's Books
Play
Lord of the Rings
Literature
Harry Potter
A Song of Ice and Fire
The Hunger Games
Literary Character
Shakespeare
Book
Author
Novel
Poem
Young Adult
Children's Books
Play
Lord of the Rings
Random Quiz
Search Sporcle
×
Quiz Lab
Quiz Lab
Literature
cat
Type in answers that appear in a list
Type in answers that appear in a list
Classic
Best Score? Go Orange.
Warrior cats/clans Stats
Can you name the warrior cats/clans?
By
whitefire
5m
27 Questions
4,587 Plays
4,587 Plays
4,587 Plays
Comments
Comments
Give Quiz Kudos
Give Quiz Kudos
-
- Ratings
hide this ad
Replay
Link that replays current quiz
Next Quiz
Link to next quiz in quiz playlist
You Got
0%
They Got
Avg Score
81%
Avg Friend Score
Upgrade to see
Score Distribution
Jump to the score distribution portion of the page
Score
0/27
Timer
05:00
0
Plays Today
hints
warriors/clans
% Correct
Clan in the forest
Thunderclan
97.3%
Clan by the river
Riverclan
97.2%
Clan from the moor
Windclan
97%
Clan near the marshlands
Shadowclan
96.9%
Good clan of dead cats
Starclan
96%
Scourge once lead this clan
Bloodclan
95%
Lost clan
Skyclan
91.3%
The ancient clan with manes
Lionclan
91.2%
The fire that saved the clans
Firestar
91.1%
The ancient striped clan
Tigerclan
90.8%
Firepaw and graypaw helped him escape from thunderclan
Ravenpaw
90.2%
Bad clan of dead cats
Dark Forest
89.5%
Cat that wanted revenge against a leader of Thunderclan
Tigerstar
86.9%
The cat who first found Rusty
Graystripe
86.8%
hints
warriors/clans
% Correct
The ancient spotted clan
Leopardclan
83.4%
Yellowfang's apprentice
Cinderpelt
82.4%
Jaypaw's mentor
Leafpool
82%
Tigerstar's first son
Brambleclaw
80.4%
A loner that helped a few cats after they were attacked by rats
Barley
78.9%
Brambleclaw's mate
Squirrelflight
77.3%
Thunderclan's most recent medicine cat
Jayfeather
76.2%
He fell in love with heathertail
Lionblaze
69.5%
The cat who was thought to be dead
Hollyleaf
69%
The third cat with the power of the stars
Dovewing
68.4%
Whitewing's other daughter
Ivypool
62.6%
Lost the use of her hind legs
Briarlight
62.5%
Cat who vows to be the grouchiest elder
Sandstorm
57.7%
Quiz Playlist
Details
Report
Send in Message
Add To Playlist
Classic:
Type in answers that appear in a list
Quiz Source
Last Updated: Jul 27, 2017
Quiz Scoreboard
CHALLENGE
Sign Up to Join the Scoreboard
Show All
Scores
Hide
Comments
May contain spoilers
Recently Published
1-10 Letter E Words III
by El_Dandy
Language
2m
Street Fighter Characters
by Artimus82
Gaming
60s
College Basketball Coaching Resumes
by pancakes188
Sports
9m
More to Explore
Quiz From the Vault
Featured Blog Post
Where Did the Easter Bunny Come From?
hide this ad
You Might Also Like...
Tags
cat
clan
Warrior
Today's Top Quizzes in Literature
Browse Literature
hide this ad
Today's Top Quizzes in cat
Browse cat
Top Contributed Quizzes in Literature
1
Sneaky Slytherin Logic Puzzle
2
Get The Picture: Black or White Literature
3
5-to-1: Plays
4
A Court of Thorns and Roses (ACoTaR) Logic Puzzle
5
One Thing in Common: Literature
6
One Thing in Common: Literature II
7
One Thing in Common: Books
8
One Thing in Common: Literature 3
9
'Middle' Earth
10
Harry Potter Neighbourly Logic Puzzle #1
Explore More
Trending Topics
Anime
Disney
Marvel
NBA
Harry Potter
Crossword
Kpop
Country
WWE
Soccer
The Office
Song
NFL
Puzzle
Pokémon
hide this ad
More By:
whitefire
Quiz
Plays
Rating
Category
Featured
Created
Warriors Books
11,306
4.27
Literature
Dec 8, 2009
warrior cats/clans
4,587
3.44
Literature
Dec 12, 2009
Guess the Lyrics to this Toby Keith song
515
3.33
Music
Jul 26, 2013
Greek Gods & Goddesses
55
5.00
Entertainment
Jul 25, 2013
Country Artists
36
3.00
Music
Jul 25, 2013
Go to Creator's Profile
Score Distribution
Quiz Creator Spotlight
whitefire
Follow
Send a Message
Quizzes Created
-
Created Quiz Play Count
-
More By This Creator
Popular Quizzes Today
1
Find the US States - No Outlines Minefield
2
Find the Countries of Europe - No Outlines Minefield
3
The Countries of the World
4
Find the US States
5
Risky Map Clicking: Biggest States A-Z
6
US States
7
Popular People in 1961
8
Movies - When Are They Set?
More Literature Quizzes
Pick the Harry Potter First Name - W
Published
Trending Quizzes
Risky Map Clicking: Least Populous States A-Z
Billboard Blitz: Aretha Franklin
1-10 Letter G Words
Countries of the World: 200 Million BC
1-10 Letter F Words
Recently Updated
Leaping Animals
pecheneg
Reality TV Shows (A-Z)
bhenderson79
Rickey Henderson's Hall of Fame Teammates
pecheneg
Champions League XIs: Arsenal
pecheneg
Quick Pick: Celebrities in WWE's Hall of Fame
aduchscher
A-Z Keypad Blitz II
pecheneg
Multiple Oscar Actors
pecheneg
Mystery Phrase Blitz: Oscar 'Best Actors'
pecheneg
F. Scott Fitzgerald Novels
LTH
Pick 3 Villains
ddd62291
Trending Topics
Marvel
Kpop
Harry Potter
Crossword
Anime
NBA
Disney
NFL
Pokémon
WWE
The Office
Soccer
Song
Puzzle
Country
Your Account Isn't Verified!
In order to create a playlist on Sporcle, you need to verify the email address you used during registration. Go to your
Sporcle Settings
to finish the process.
Report this User
Report this user for behavior that violates our
Community Guidelines
.
Details:
Send Report
Go to the Sporcle.com Mobile Site →
Comments